Pays les plus peuplés d’Amérique du Nord - Statistiques

Statistiques générales
  • Ce quiz a été pris 91 fois
  • Le résultat moyen est 4 sur 5
Réponses sur la Carte
Les réponses sont colorées sur une échelle allant du rouge au vert en fonction du pourcentage des utilisateurs qui les ont devinées à leur premier essai. Vous pouvez retrouver ces pourcentages ci-dessous.
 
Statistiques - réponses
Classement Population Nom du pays % Correct
3 41 200 000 Canada
100%
1 340 100 000 États-Unis
100%
2 130 800 000 Mexique
98%
4 18 400 000 Guatemala
79%
5 11 700 000 Haïti
72%
Aucun quiz correspondant
Distribution des résultats
% des personnes avec chaque résultat
Percentile par nombre de réponses
Votre historique - résultats
Vous n’avez pas pris ce quiz